000 02223nam a22003737a 4500
001 105953
003 KnowledgeUnlatched
005 20210303104933.0
006 m o d
007 cr u||||||||||
008 210129p20202020xx o u00| u ger d
037 _5BiblioBoard
245 0 0 _aBetriebliches Gesundheitsmanagement (er)weiter(t) denken
_bHandlungsempfehlungen aus dem Projekt GESIOP /
_cEva Bamberg, Grit Tanner.
020 _a9783666453274
024 8 _ahttps://doi.org/10.13109/9783666453274
029 1 _ahttps://library.biblioboard.com/ext/api/media/69e89fa7-d0f8-499e-b156-6e4af2e3417b/assets/thumbnail.jpg
040 _aScCtBLL
_cScCtBLL
506 0 _aAccess copy available to the general public.
_fUnrestricted
_2star
700 1 _aBamberg, Eva
_eeditor.
700 1 _aTanner, Grit
_eeditor.
264 1 _bVandenhoeck & Ruprecht,
300 _a1 online resource (1 p.)
520 _aMit der Annahme, dass betriebliches Gesundheitsmanagement (BGM) und Corporate Social Responsibility zahlreiche Synergieeffekte haben, startete 2016 das vom Bundesministerium für Bildung und Forschung geförderte Projekt GESIOP. Sieben Projektpartner haben innerhalb von dreieinhalb Jahren Ideen und Konzepte zu den Fragen entwickelt, wie eine konstruktive Zusammenarbeit zwischen Unternehmen im Bereich BGM aussieht, wie BGM stärker als eine Verantwortung von Unternehmen verankert werden kann und wie Unternehmen das BGM-Engagement nach außen kommunizieren sollten. Ein zentrales Ergebnis des Projektes ist das GESIOP-Tool für Gesunde Arbeit, das in dieser Publikation näher vorgestellt wird.
588 0 _aDescription based on print version record.
590 _aKU Open Services
650 7 _aMedical / Administration
_2bisacsh
650 0 _aMedicine
655 0 _aElectronic books.
758 _iIs found in:
_aKnowledge Unlatched
_1https://openresearchlibrary.org/module/2774bc74-146a-484f-a7ba-ab1d6a09bbfb
856 4 0 _uhttps://openresearchlibrary.org/content/69e89fa7-d0f8-499e-b156-6e4af2e3417b
_zView this content on Open Research Library.
_70
999 _c33024
_d33024